| 000 | 00790nam a2200241 i 4500 | ||
|---|---|---|---|
| 003 | DO-SdBNP | ||
| 005 | 20250422182808.0 | ||
| 007 | ta | ||
| 008 | 250407b2008 dr ||||| |||| 00| 0 spa d | ||
| 040 |
_aDO-SdBNP _bspa _cBNPHU _erda |
||
| 082 | 4 |
_axxx _bxxx _222 |
|
| 110 | 1 |
_aRepública Dominicana. Ministerio de Economía, Planificación y Desarrollo. _bOficina Nacional de Estadística _975806 |
|
| 242 | _a | ||
| 245 | _aDeclaración de principios Partido Democrata Institucional | ||
| 264 | 1 |
_aSanto Domingo : _bJusticia Social en Libertad, _c2008. |
|
| 300 |
_a21 páginas ; _c21 cm. |
||
| 336 |
_atexto _btxt _2rdacontent |
||
| 337 |
_asin mediación _bn _2rdamedia |
||
| 338 |
_avolumen _bnc _2rdacarrier |
||
| 590 | _aInventariado, 2025/BT | ||
| 910 | _aBtavárez | ||
| 942 |
_2ddc _cLF2 |
||
| 999 |
_c58629 _d58629 |
||